000
00294nam a22001337a 4500
008
170821b xxu||||| |||| 00| 0 eng d
020
_a
0844518948
041
_a
eng
080
_2
3RD
_a
51
100
_a
37
101
_a
MAT
245
_a
USING ADVANCED ALGEBRA
_c
TRAVERS,K.J
942
_2
udc
_c
BK
999
_c
24272
_d
24272